| 000 | 00350nam a22001457a 4500 | ||
|---|---|---|---|
| 008 | 250716b |||||||| |||| 00| 0 eng d | ||
| 020 | _a14232556612133 | ||
| 082 |
_b022.01 _aPKL |
||
| 100 | _aSHINDE RAJARAM | ||
| 245 |
_aMARKETING _bMANAGEMENT |
||
| 250 | _a1ST.ED. | ||
| 260 |
_aDELHI _bAGGARWAL _c17/12/2024 |
||
| 300 |
_aPB _eCD |
||
| 942 | _cBK | ||
| 999 |
_c1211028 _d1211028 |
||